000 00291nam a22001337a 4500
008 171019b xxu||||| |||| 00| 0 eng d
020 _a9780071106887
041 _aeng
080 _26TH
_a338
100 _a53
101 _aMEN
245 _aRETAILING MANAGEMENT
_cLEVY,M
942 _2udc
_cBK
999 _c34966
_d34966